| 000 | 00453nam a22001697a 4500 | ||
|---|---|---|---|
| 005 | 20251218160657.0 | ||
| 008 | 251218b |||||||| |||| 00| 0 eng d | ||
| 020 | _a978-81-203-4988-9 | ||
| 100 | _aVIJAYAKUMARAN, NAIR K | ||
| 245 | _aINFORMATICS | ||
| 260 |
_aDELHI _bPHI LEARNING _c2014 |
||
| 300 | _aX, 230P. | ||
| 500 | _aINCLUDES INDEX | ||
| 650 | _a1. COMPUTER SCIENCE 2. COMPUTER ARCHITECTURE | ||
| 700 | _aCHANDRA, VINOD | ||
| 942 |
_2lcc _cBK |
||
| 999 |
_c216362 _d216362 |
||